Freedom under executive power in Malaysia : (Record no. 1788)
[ view plain ]
| 000 -LEADER | |
|---|---|
| fixed length control field | nam a22 a 4500 |
| 003 - CONTROL NUMBER IDENTIFIER | |
| control field | AKMAL |
| 005 - DATE AND TIME OF LATEST TRANSACTION | |
| control field | 20170512090512.0 |
| 008 - FIXED-LENGTH DATA ELEMENTS--GENERAL INFORMATION | |
| fixed length control field | 170512s1995 my e 001 0 eng d |
| 020 ## - INTERNATIONAL STANDARD BOOK NUMBER | |
| International Standard Book Number | 9839998404 : |
| Terms of availability | RM29.00 |
| 039 #9 - LEVEL OF BIBLIOGRAPHIC CONTROL AND CODING DETAIL [OBSOLETE] | |
| Level of rules in bibliographic description | 201205021223 |
| Level of effort used to assign nonsubject heading access points | w_saiful |
| Level of effort used to assign subject headings | 201106150901 |
| Level of effort used to assign classification | manoriah |
| Level of effort used to assign subject headings | 200506251157 |
| Level of effort used to assign classification | sharizal |
| Level of effort used to assign subject headings | 200506251157 |
| Level of effort used to assign classification | sharizal |
| 040 ## - CATALOGING SOURCE | |
| Original cataloging agency | AKMAL |
| 082 04 - DEWEY DECIMAL CLASSIFICATION NUMBER | |
| Classification number | 342.59506 RAI |
| 090 00 - LOCALLY ASSIGNED LC-TYPE CALL NUMBER (OCLC); LOCAL CALL NUMBER (RLIN) | |
| Classification number (OCLC) (R) ; Classification number, CALL (RLIN) (NR) | 342.59506 |
| Local cutter number (OCLC) ; Book number/undivided call number, CALL (RLIN) | RAI |
| 100 0# - MAIN ENTRY--PERSONAL NAME | |
| Personal name | Rais Yatim, |
| Titles and words associated with a name | Datuk Seri Utama, |
| Dates associated with a name | 1942- |
| 9 (RLIN) | 2899 |
| 245 10 - TITLE STATEMENT | |
| Title | Freedom under executive power in Malaysia : |
| Remainder of title | a study of executive supremacy / |
| Statement of responsibility, etc. | Rais Yatim |
| 260 ## - PUBLICATION, DISTRIBUTION, ETC. | |
| Place of publication, distribution, etc. | Kuala Lumpur : |
| Name of publisher, distributor, etc. | Endowment , |
| Date of publication, distribution, etc. | 1995 |
| 300 ## - PHYSICAL DESCRIPTION | |
| Extent | xvii, 434p. : |
| Dimensions | 22cm |
| 500 ## - GENERAL NOTE | |
| General note | Includes index |
| 504 ## - BIBLIOGRAPHY, ETC. NOTE | |
| Bibliography, etc. note | Bibliografi: p. 400 - 411 |
| 650 10 - SUBJECT ADDED ENTRY--TOPICAL TERM | |
| Topical term or geographic name entry element | Executive power |
| Geographic subdivision | Malaysia |
| 9 (RLIN) | 3169 |
| 650 20 - SUBJECT ADDED ENTRY--TOPICAL TERM | |
| Topical term or geographic name entry element | Constitutional law |
| Geographic subdivision | Malaysia |
| 9 (RLIN) | 437 |
| 942 ## - ADDED ENTRY ELEMENTS (KOHA) | |
| Source of classification or shelving scheme | |
| Koha item type | Book |
| Withdrawn status | Lost status | Source of classification or shelving scheme | Damaged status | Not for loan | Collection code | Home library | Current library | Shelving location | Date acquired | Inventory number | Total Checkouts | Full call number | Barcode | Date last seen | Price effective from | Koha item type |
|---|---|---|---|---|---|---|---|---|---|---|---|---|---|---|---|---|
| NON-FICTION | AKMAL Melaka | AKMAL Melaka | PINJAMAN | 12.05.2017 | 002491 | 342.59506 RAI | 201705855 | 12.05.2017 | 12.05.2017 | Book |
